| 000 | 006530000a22001930004500 | ||
|---|---|---|---|
| 090 |
_aAR _b01118 |
||
| 245 | 1 | 0 | _aCensusing primates by transect in forest of known primate density |
| 650 | 1 | 4 |
_aTécnicas de censos _994358 |
| 650 | 1 | 4 |
_aPoblaciones estimadas _994359 |
| 650 | 1 | 4 |
_aTransectos _994360 |
| 651 | 4 |
_lParque Nacional Natural El Tuparro _dVichada _pColombia _992749 |
|
| 653 |
_gCallicebus _eCallicebus torquatus |
||
| 653 |
_gCebus _eCebus apella |
||
| 041 | 0 | _aInglés | |
| 700 | 1 |
_aPintor, Dilver _994361 |
|
| 100 | 1 |
_aDefler, Thomas R. _96444 |
|
| 942 | _cARTICULO | ||
| 773 | 1 |
_tInternational Journal of Primatology _3162 _h3 _q243-258 _d1985 _g6 |
|
| 999 |
_c10204 _d10204 |
||